00868nam a2200229 i 450000100060000000300090000600500170001500700030003200800410003502000180007610000360009424500850013025000120021526000690022730000290029649000400032571000530036583000480041885200330046699900170049995201220051699511ES-MaACL20250824201731.0t|050912s1986 sp ||||1| spa d a84-86168-14-71 aMartínez, José Luis.97776613aEl libro en Hispanoamérica b: origen y desarrollo / cJosé Luis Martínez. a2ª ed. aSalamanca : bFundación Germán Sánchez Ruipérez, c1986. a99 p. : bil. ; c21 cm.1 aBiblioteca del libro. Serie "Minor"00aFundación Germán Sánchez Ruipérez.9431300aBiblioteca del libro. pSerie minor9225216 aES-MaACLjL-10663 bR.111776 c99511d99511 00104070aATENEOMbATENEOMcDEPO2d2008-01-17eSCl0oL-10663p1103905r2023-02-23 00:00:00w2023-02-23yMONOGRAFIA